| 000 | 00812nam a2200253 a 4500 | ||
|---|---|---|---|
| 001 | BRCA_8181 | ||
| 005 | 20190320210151.0 | ||
| 008 | 080514s1960----u--ac##f##---#001-1#eng-# | ||
| 041 | _aeng | ||
| 044 | _au | ||
| 050 | 4 |
_aHV8138 _b.B69 _c1960 |
|
| 100 | 1 |
_aBowen, Walter S. _920387 |
|
| 245 | 1 | 0 |
_aThe Unites States Secret Service _cWalter S. Bowen and Harry Edward Neal ; with a foreword by U. E. Baughman, chief U.S. Secret Service. |
| 260 |
_aPhiladelphia _bChilton _c1960 |
||
| 300 |
_a205 p. _bil., retratos _c24 cm. |
||
| 500 | _aX86 | ||
| 610 | 2 | 4 |
_aServicios Secretos _zEstados Unidos _920388 |
| 650 | 1 | 4 |
_aCrimen y criminales _920389 |
| 650 | 1 | 4 |
_aInvestigación criminal _920390 |
| 700 | 1 |
_aNeal, Harry Edward _ecoaut. _920391 |
|
| 700 | 1 |
_aBaughman, U. E. _920392 |
|
| 902 | _aGFM | ||
| 942 |
_2lcc _cB |
||
| 999 |
_c7849 _d7849 |
||